000 00621nam a2200229Ia 4500
003 OSt
005 20220923230339.0
006 a|||||r|||| 00| 0
007 ta
008 Pun
024 _a279,680
037 _cTextual
040 _aARTS
_cARTS
_bPun
041 _2Pun
_aPun
082 _aO153,1NKHUx, L8
100 _a॥ਰFੀਦੀ, ਸੁਰਜੀਤ
_9168995
245 0 _aਮੁੜ੍ਹਕੇ ਦੀ ਮਹਿਕ
260 _c1978
650 _aਪੰਜਾਬੀ ਸਾਹਿਤ
942 _hO153,1NKHUx, L8
_cTEXL
_2CC
999 _c384147
_d384147